[Event "Titled Tuesday intern op 14th Nov Early"]
[Site "Chess.com INT"]
[Date "2023.11.14"]
[Round "4"]
[White "Panchenko, Dmitry"]
[Black "Davidson, Kevin"]
[Result "1/2-1/2"]
[WhiteElo "2311"]
[BlackElo "2154"]
[PlyCount "221"]
[EventDate "2023.11.14"]
[EventType "swiss (blitz)"]
[EventRounds "11"]
[EventCountry "USA"]
[SourceTitle "CB47_2023"]
[SourceDate "2023.11.22"]
[SourceVersion "1"]
[SourceVersionDate "2023.11.22"]
[SourceQuality "1"]

1. e4 c5 2. Nf3 d6 3. Bb5+ Nd7 4. a4 Ngf6 5. Nc3 a6 6. Be2 e6 7. d4 cxd4 8. Qxd4 Be7 9. 0-0 0-0 10. Rd1 Qc7 11. Be3 Ne5 12. Qb6 Nxf3+ 13. Bxf3 Qxb6 14. Bxb6 Bd7 15. a5 Bc6 16. Rd2 Rac8 17. Rad1 Nd7 18. Be3 f5 19. Rxd6 Bxd6 20. Rxd6 Nf6 21. Rxe6 Nxe4 22. Nxe4 Bxe4 23. Bxe4 fxe4 24. c3 Rfe8 25. Rb6 Re7 26. Kf1 Kf7 27. Ke2 h6 28. Bd4 Rc6 29. Rb4 Rg6 30. g3 Rge6 31. Ke3 g5 32. Bc5 Rc7 33. Bb6 Rc8 34. h3 Rce8 35. Rd4 R8e7 36. Bc5 Rc7 37. b4 Kf6 38. Rxe4 Rxe4+ 39. Kxe4 Rd7 40. Bd4+ Ke6 41. f4 gxf4 42. gxf4 Rd5 43. c4 Rh5 44. Be5 Rxh3 45. f5+ Kf7 46. b5 axb5 47. cxb5 Ra3 48. Bc7 Rb3 49. a6 bxa6 50. bxa6 Ra3 51. Bf4 Rxa6 52. Be5 Ra4+ 53. Kf3 Ra5 54. Kf4 Ra4+ 55. Kg3 h5 56. Kh3 Ra5 57. Bg3 Rxf5 58. Kh4 Kg6 59. Be1 Re5 60. Bd2 Re4+ 61. Kg3 Rd4 62. Bf4 Kf5 63. Bc7 Rg4+ 64. Kh3 Rc4 65. Bd6 Kg5 66. Be7+ Kg6 67. Bd6 Rd4 68. Be5 Re4 69. Bd6 Kg5 70. Bc7 Re3+ 71. Kg2 Rc3 72. Bd8+ Kg4 73. Be7 Rc2+ 74. Kg1 h4 75. Bd6 Kh3 76. Be5 Rc1+ 77. Kf2 Kg4 78. Kg2 Rc2+ 79. Kg1 Re2 80. Bc7 Re7 81. Bd6 Re6 82. Bc7 Rf6 83. Kh2 Rf7 84. Bd6 Rf2+ 85. Kh1 Rd2 86. Bc7 Kh3 87. Kg1 Rd1+ 88. Kf2 Rc1 89. Be5 Rc2+ 90. Kf1 Kg4 91. Kg1 Kf3 92. Kh1 Re2 93. Bd6 Rd2 94. Be5 Re2 95. Bc7 h3 96. Bd6 Kg4 97. Bc7 Kf3 98. Bd6 Rd2 99. Bc7 Rc2 100. Bd6 Ra2 101. Bc7 Kf2 102. Kh2 Ra3 103. Be5 Rb3 104. Bc7 Kf3 105. Bd6 Kg4 106. Kg1 Rb2 107. Bc7 Rg2+ 108. Kh1 Re2 109. Kg1 Re7 110. Bd6 Rg7 111. Kh2 1/2-1/2

[Event "Titled Tuesday intern op 4th Dec"]
[Site "Chess.com INT"]
[Date "2018.12.04"]
[Round "1"]
[White "Panchenko, Dmitry"]
[Black "Biliy, Vadim"]
[Result "1-0"]
[WhiteElo "2348"]
[BlackElo "2331"]
[PlyCount "115"]
[EventDate "2018.12.04"]
[EventType "swiss (blitz)"]
[EventRounds "10"]
[EventCountry "USA"]
[SourceTitle "EXT 2021"]
[Source "ChessBase"]
[SourceDate "2020.10.23"]
[SourceVersion "1"]
[SourceVersionDate "2020.10.23"]
[SourceQuality "1"]

1. e4 e5 2. Nf3 Nc6 3. Bc4 Bd6 4. c3 Qf6 5. d3 h6 6. Bb3 Nge7 7. Nbd2 Ng6 8. Nc4 Bc5 9. Be3 d6 10. Qe2 Bg4 11. h3 Bxf3 12. Qxf3 Qxf3 13. gxf3 Nh4 14. Ke2 g5 15. Bxc5 dxc5 16. Ba4 f6 17. Bxc6+ bxc6 18. Rhg1 Ng6 19. Ke3 h5 20. Rad1 h4 21. d4 cxd4+ 22. cxd4 0-0-0 23. dxe5 fxe5 24. Rxd8+ Rxd8 25. Rxg5 Nf4 26. Nxe5 Nxh3 27. Rh5 Re8 28. Nxc6 Kb7 29. Nb4 Rf8 30. Rxh4 Ng5 31. Rf4 Rh8 32. Rf5 Ne6 33. Nd3 Kc6 34. Re5 Kd6 35. Rd5+ Ke7 36. Nf4 Nxf4 37. Kxf4 Rb8 38. b3 Rb6 39. Ra5 a6 40. Ke3 Rc6 41. f4 Rh6 42. e5 Rh3+ 43. Ke4 Rh2 44. Rxa6 Rxf2 45. f5 Re2+ 46. Kf4 Rf2+ 47. Ke4 Re2+ 48. Kd4 Rd2+ 49. Kc3 Re2 50. Re6+ Kd7 51. a4 Rf2 52. Rf6 Re2 53. e6+ Kd6 54. Rf7 c5 55. Rd7+ Kc6 56. Rd3 Re5 57. Rf3 Kd6 58. f6 1-0

[Event "Titled Tuesday intern op 4th Dec"]
[Site "Chess.com INT"]
[Date "2018.12.04"]
[Round "9"]
[White "Tang, Andrew"]
[Black "Panchenko, Dmitry"]
[Result "1-0"]
[WhiteElo "2487"]
[BlackElo "2348"]
[PlyCount "89"]
[EventDate "2018.12.04"]
[EventType "swiss (blitz)"]
[EventRounds "10"]
[EventCountry "USA"]
[SourceTitle "EXT 2021"]
[Source "ChessBase"]
[SourceDate "2020.10.23"]
[SourceVersion "1"]
[SourceVersionDate "2020.10.23"]
[SourceQuality "1"]

1. d4 d5 2. Bf4 Nf6 3. e3 c5 4. dxc5 Nc6 5. Bb5 e6 6. b4 a5 7. c3 Ne4 8. f3 Nf6 9. Ne2 Be7 10. 0-0 0-0 11. Nd4 Bd7 12. Bxc6 Bxc6 13. a4 Be8 14. Nd2 Nh5 15. Be5 f6 16. Bg3 Nxg3 17. hxg3 Qc8 18. Nb5 e5 19. e4 Bf7 20. exd5 Bxd5 21. Ne4 Qc6 22. Nbd6 Bxd6 23. Nxd6 b6 24. Nf5 Rfe8 25. Qd3 e4 26. fxe4 Bxe4 27. Qc4+ Kh8 28. b5 Qxc5+ 29. Qxc5 bxc5 30. Nd6 Re6 31. Rfd1 f5 32. c4 g6 33. Rd2 Kg7 34. Re1 Kf6 35. Re3 Ke7 36. Nxe4 fxe4 37. Rd5 Rd8 38. Rxc5 Rd1+ 39. Kh2 Ra1 40. Rc7+ Kf6 41. c5 Rxa4 42. b6 Rb4 43. b7 a4 44. c6 Re8 45. Rc8 1-0

[Event "Kolomna rapid op"]
[Site "Kolomna"]
[Date "2018.02.17"]
[Round "11"]
[White "Panchenko, Dmitry"]
[Black "Ponkratov, Pavel"]
[Result "0-1"]
[WhiteElo "2348"]
[BlackElo "2605"]
[PlyCount "50"]
[EventDate "2018.02.16"]
[EventType "swiss (rapid)"]
[EventRounds "11"]
[EventCountry "RUS"]
[SourceTitle "CBM 183 Extra"]
[Source "ChessBase"]
[SourceDate "2018.04.19"]
[SourceVersion "1"]
[SourceVersionDate "2018.04.19"]
[SourceQuality "1"]

1. e4 e6 2. d4 d5 3. Nd2 c5 4. exd5 Qxd5 5. dxc5 Qxc5 6. Ngf3 Nf6 7. Bd3 Nbd7 8. 0-0 Qc7 9. c3 Be7 10. Qe2 0-0 11. Ne4 b6 12. Nxf6+ Nxf6 13. Ne5 Bb7 14. Bf4 Rad8 15. Ng6 Bd6 16. Bxd6 Qxd6 17. Nxf8 Qxd3 18. Rad1 Qxe2 19. Rxd8 h5 20. Nxe6+ Kh7 21. Ng5+ Kg6 22. Nh3 Qxb2 23. Nf4+ Kh7 24. Rb8 Be4 25. f3 Bc6 0-1

[Event "Kolomna rapid op"]
[Site "Kolomna"]
[Date "2018.02.17"]
[Round "7"]
[White "Panchenko, Dmitry"]
[Black "Smirnov, Timofey"]
[Result "1-0"]
[WhiteElo "2348"]
[BlackElo "2324"]
[PlyCount "101"]
[EventDate "2018.02.16"]
[EventType "swiss (rapid)"]
[EventRounds "11"]
[EventCountry "RUS"]
[SourceTitle "CBM 183 Extra"]
[Source "ChessBase"]
[SourceDate "2018.04.19"]
[SourceVersion "1"]
[SourceVersionDate "2018.04.19"]
[SourceQuality "1"]

1. e4 c5 2. Nf3 d6 3. Bb5+ Nd7 4. d4 cxd4 5. Qxd4 a6 6. Bxd7+ Bxd7 7. c4 Nf6 8. Nc3 e6 9. 0-0 Be7 10. Bg5 Qc7 11. Rac1 0-0 12. b3 Rfd8 13. Rfd1 Be8 14. Bh4 Rac8 15. Qd2 Qb8 16. Qe2 b5 17. e5 dxe5 18. Nxe5 Rxd1+ 19. Rxd1 b4 20. Nb1 Rd8 21. Bg3 Rxd1+ 22. Qxd1 Qb6 23. Qd3 Qa5 24. Qc2 Nh5 25. Nd3 Bc6 26. Nd2 Qf5 27. Ne1 Qf6 28. Nef3 Nxg3 29. hxg3 Qc3 30. Qd1 h6 31. Nf1 Qb2 32. Qd2 Qb1 33. Qe2 Bf6 34. Kh2 Bxf3 35. gxf3 Bd4 36. Kg2 a5 37. Qe4 Qb2 38. Ne3 Bxe3 39. Qxe3 Qxa2 40. Qd3 Qb2 41. Qd8+ Kh7 42. Qd3+ g6 43. Qd7 Kg7 44. c5 a4 45. c6 a3 46. c7 a2 47. c8Q a1Q 48. Qdd8 g5 49. Qh8+ Kg6 50. Qcg8+ Qg7 51. Qhh7+ 1-0

[Event "Kolomna rapid op"]
[Site "Kolomna"]
[Date "2018.02.17"]
[Round "10"]
[White "Sarana, Alexey"]
[Black "Panchenko, Dmitry"]
[Result "1/2-1/2"]
[WhiteElo "2577"]
[BlackElo "2348"]
[PlyCount "70"]
[EventDate "2018.02.16"]
[EventType "swiss (rapid)"]
[EventRounds "11"]
[EventCountry "RUS"]
[SourceTitle "CBM 183 Extra"]
[Source "ChessBase"]
[SourceDate "2018.04.19"]
[SourceVersion "1"]
[SourceVersionDate "2018.04.19"]
[SourceQuality "1"]

1. d4 d5 2. Nf3 Nf6 3. c4 e6 4. Nc3 Nbd7 5. Bf4 dxc4 6. e3 Nd5 7. Bxc4 Nxf4 8. exf4 Be7 9. 0-0 0-0 10. Qe2 Nb6 11. Rad1 Nxc4 12. Qxc4 b6 13. Ne5 Bb7 14. Rfe1 Bd6 15. Re3 Qh4 16. d5 Bc5 17. Rg3 exd5 18. Nxd5 Rad8 19. Ng4 Kh8 20. Kf1 Qh5 21. Nc3 Rxd1+ 22. Nxd1 f5 23. Nge3 Qxh2 24. Qd3 Qh1+ 25. Ke2 Qh5+ 26. Kf1 Qf7 27. Nc3 Bd6 28. Qd4 Qf6 29. Qc4 Qf7 30. Qd4 Qf6 31. Qc4 a6 32. a4 Qf7 33. Qd4 Qf6 34. Qc4 Qf7 35. Qd4 Qf6 1/2-1/2

[Event "Kolomna rapid op"]
[Site "Kolomna"]
[Date "2018.02.16"]
[Round "6"]
[White "Smirnova, Ekaterina"]
[Black "Panchenko, Dmitry"]
[Result "0-1"]
[WhiteElo "2102"]
[BlackElo "2348"]
[PlyCount "150"]
[EventDate "2018.02.16"]
[EventType "swiss (rapid)"]
[EventRounds "11"]
[EventCountry "RUS"]
[SourceTitle "CBM 183 Extra"]
[Source "ChessBase"]
[SourceDate "2018.04.19"]
[SourceVersion "1"]
[SourceVersionDate "2018.04.19"]
[SourceQuality "1"]

1. d4 d5 2. c4 e6 3. Nc3 Nf6 4. cxd5 exd5 5. Bg5 Be7 6. e3 c6 7. Bd3 Nbd7 8. Qc2 Nh5 9. Bxe7 Qxe7 10. Nf3 Nf4 11. 0-0 Nxd3 12. Qxd3 0-0 13. Rab1 Nb6 14. Nd2 Re8 15. b4 a6 16. a4 Be6 17. a5 Nc8 18. Na4 Nd6 19. Qe2 Bf5 20. Rbc1 Nb5 21. Nc5 Nxd4 22. Qd1 Nb5 23. Ndb3 Rad8 24. Nd4 Nd6 25. Qb3 Bc8 26. Rfd1 Qg5 27. Nf3 Qf6 28. Qc3 Qxc3 29. Rxc3 Bg4 30. Rcd3 f5 31. h3 Bxf3 32. gxf3 Re7 33. f4 Rde8 34. Kg2 Kf7 35. Rd4 Ne4 36. Nd3 Nc3 37. Rd2 Kf6 38. Nc5 Ne4 39. Rb2 h6 40. h4 g6 41. Rb3 Nd6 42. Rb1 Rg8 43. Kf3 Rgg7 44. Rdd1 Ne4 45. Rbc1 Nxc5 46. bxc5 Re4 47. Rb1 Ra4 48. Ra1 Rb4 49. Rdb1 Rb5 50. Rxb5 cxb5 51. Rc1 Rc7 52. Ke2 Ke7 53. Kd3 Kd7 54. Kd4 Kc6 55. Rg1 Rg7 56. h5 g5 57. fxg5 hxg5 58. h6 Rh7 59. Rxg5 Rxh6 60. Rxf5 b4 61. Rxd5 b3 62. Rg5 b2 63. Rg1 Rh2 64. f4 Kb5 65. f5 Kxa5 66. e4 Kb4 67. f6 a5 68. e5 a4 69. f7 Rh8 70. e6 a3 71. e7 a2 72. e8Q a1Q 73. Qe1+ Qxe1 74. Rxe1 Rf8 75. Re7 b6 0-1

[Event "Voronezh op-A 21st"]
[Site "Voronezh"]
[Date "2017.06.15"]
[Round "4"]
[White "Belyakov, Bogdan"]
[Black "Panchenko, Dmitry"]
[Result "1-0"]
[WhiteElo "2476"]
[BlackElo "2371"]
[PlyCount "123"]
[EventDate "2017.06.12"]
[EventType "swiss"]
[EventRounds "9"]
[EventCountry "RUS"]
[SourceTitle "EXT 2018"]
[Source "ChessBase"]
[SourceDate "2017.10.13"]
[SourceVersion "1"]
[SourceVersionDate "2017.10.13"]
[SourceQuality "1"]

1. e4 e6 2. d4 d5 3. Nc3 dxe4 4. Nxe4 Nd7 5. Bd3 Ngf6 6. Qe2 Nxe4 7. Bxe4 Nf6 8. Bxb7 Bxb7 9. Qb5+ Nd7 10. Qxb7 Bd6 11. Nf3 0-0 12. 0-0 a5 13. b3 Rb8 14. Qa6 Ra8 15. Qd3 a4 16. Bd2 c6 17. Rad1 axb3 18. axb3 Qc7 19. h3 h6 20. Ra1 Qb7 21. Rfd1 Nf6 22. Rdb1 Rfd8 23. Qe2 Nd5 24. c4 Nb4 25. Bc3 Bf8 26. Ne5 Bd6 27. Qe4 Bxe5 28. Qxe5 Rxa1 29. Rxa1 Qb8 30. Qe4 Qb7 31. Qe5 Qb8 32. Qe4 Qb7 33. Ra4 Na6 34. b4 Nc7 35. b5 Rd6 36. Ra1 f5 37. Qf3 Kh7 38. Re1 Qc8 39. b6 Ne8 40. c5 Rd5 41. Qe3 e5 42. dxe5 Qe6 43. Ra1 Rd7 44. Rb1 Rb7 45. Qd3 g6 46. Qa6 Qc8 47. e6 Nc7 48. Qc4 Nxe6 49. Re1 Ng5 50. f3 Qb8 51. Be5 Qe8 52. h4 Nf7 53. Bc3 Qd8 54. Qe6 Qxh4 55. Qxc6 Re7 56. Rxe7 Qxe7 57. Qc7 Qe3+ 58. Kh2 Qxc3 59. Qxf7+ Kh8 60. Qf8+ Kh7 61. Qe7+ Kg8 62. b7 1-0

[Event "Voronezh op-A 21st"]
[Site "Voronezh"]
[Date "2017.06.12"]
[Round "1"]
[White "Panchenko, Dmitry"]
[Black "Pogorelskikh, Sofia"]
[Result "1-0"]
[WhiteElo "2371"]
[BlackElo "2050"]
[PlyCount "83"]
[EventDate "2017.06.12"]
[EventType "swiss"]
[EventRounds "9"]
[EventCountry "RUS"]
[SourceTitle "EXT 2018"]
[Source "ChessBase"]
[SourceDate "2017.10.13"]
[SourceVersion "1"]
[SourceVersionDate "2017.10.13"]
[SourceQuality "1"]

1. d4 Nf6 2. Nf3 g6 3. Bg5 Bg7 4. Nbd2 c5 5. e3 cxd4 6. exd4 d5 7. c3 Nc6 8. Bd3 Bf5 9. Nb3 Bxd3 10. Qxd3 0-0 11. 0-0 Ne4 12. Bf4 e6 13. Nfd2 g5 14. Be3 f5 15. f3 Nd6 16. Rfe1 b6 17. Bf2 Qf6 18. Qa6 f4 19. a4 Nb8 20. Qe2 Kf7 21. a5 Nd7 22. Qa6 h5 23. Nc1 Rg8 24. Qe2 Bh6 25. Nd3 Qg6 26. Ne5+ Nxe5 27. Qxe5 Nf5 28. axb6 axb6 29. Qc7+ Ne7 30. Rxa8 Rxa8 31. c4 Rc8 32. Qxb6 g4 33. Bh4 Rg8 34. Qd6 Bf8 35. cxd5 Nxd5 36. Qd7+ Be7 37. Nc4 Kf8 38. Rxe6 Qb1+ 39. Re1 Qxe1+ 40. Bxe1 gxf3 41. Qxd5 Rxg2+ 42. Kf1 1-0

[Event "Russia Central-ch"]
[Site "Pushchino"]
[Date "2013.03.20"]
[Round "5"]
[White "Stukalov, Alexander"]
[Black "Panchenko, Dmitry"]
[Result "0-1"]
[WhiteElo "2238"]
[BlackElo "2364"]
[PlyCount "48"]
[EventDate "2013.03.16"]
[EventType "swiss"]
[EventRounds "9"]
[EventCountry "RUS"]
[SourceTitle "EXT 2014"]
[Source "ChessBase"]
[SourceDate "2013.11.20"]
[SourceVersion "1"]
[SourceVersionDate "2013.11.20"]
[SourceQuality "1"]

1. d4 d6 2. Nc3 e5 3. Nf3 Nd7 4. e4 Ngf6 5. Bc4 Be7 6. h3 0-0 7. Be3 c6 8. a4 Nxe4 9. Nxe4 d5 10. Bd3 dxe4 11. Bxe4 f5 12. Bd3 e4 13. Bc4+ Kh8 14. Nh2 f4 15. Bc1 Nb6 16. Bb3 Bh4 17. Bxf4 Rxf4 18. g3 Rf8 19. gxh4 Bxh3 20. Qe2 Qxd4 21. c3 Qf6 22. Nf1 Bg4 23. Qe3 Rad8 24. Nd2 Rd3 0-1

[Event "Russia Central-ch"]
[Site "Pushchino"]
[Date "2013.03.17"]
[Round "1"]
[White "Vdovin, Vadim"]
[Black "Panchenko, Dmitry"]
[Result "1-0"]
[WhiteElo "2148"]
[BlackElo "2364"]
[PlyCount "65"]
[EventDate "2013.03.16"]
[EventType "swiss"]
[EventRounds "9"]
[EventCountry "RUS"]
[SourceTitle "EXT 2014"]
[Source "ChessBase"]
[SourceDate "2013.11.20"]
[SourceVersion "1"]
[SourceVersionDate "2013.11.20"]
[SourceQuality "1"]

1. e4 c6 2. c4 d5 3. exd5 cxd5 4. cxd5 Nf6 5. Nc3 Nxd5 6. Nf3 Nxc3 7. bxc3 g6 8. Bc4 Bg7 9. 0-0 0-0 10. Re1 Nc6 11. d4 e6 12. Ng5 Na5 13. Bd3 b6 14. Qf3 Bd7 15. Qh3 h6 16. Ne4 e5 17. Qg3 exd4 18. Ba3 Re8 19. Nd6 Rxe1+ 20. Rxe1 Qc7 21. Re7 Qxc3 22. Rxd7 Qxa3 23. Nxf7 Qc1+ 24. Bf1 Qc6 25. Rd6 Qe8 26. Nxh6+ Bxh6 27. Rxg6+ Kh7 28. Rg4 Qd7 29. Bd3+ Kh8 30. Qe5+ Bg7 31. Qh5+ Kg8 32. Qh7+ Kf8 33. Rf4+ 1-0

[Event "Moscow Govrnor Cup-A rapid KO"]
[Site "Moscow"]
[Date "2013.02.23"]
[Round "1.3"]
[White "Panchenko, Dmitry"]
[Black "Apryshko, Gleb"]
[Result "0-1"]
[WhiteElo "2364"]
[BlackElo "2312"]
[PlyCount "84"]
[EventDate "2013.02.23"]
[EventType "k.o. (rapid)"]
[EventRounds "4"]
[EventCountry "RUS"]
[SourceTitle "CBM 153 Extra"]
[Source "ChessBase"]
[SourceDate "2013.04.22"]
[SourceVersion "1"]
[SourceVersionDate "2013.04.22"]
[SourceQuality "1"]

1. Nf3 g6 2. d3 Bg7 3. Nbd2 d6 4. g3 Nf6 5. Bg2 0-0 6. e4 e5 7. 0-0 a5 8. a4 Nfd7 9. Ne1 Nc5 10. f4 exf4 11. gxf4 f5 12. Nc4 Nc6 13. Be3 Ne6 14. c3 Qh4 15. Nf3 Qg4 16. Ng5 Qxd1 17. Raxd1 fxe4 18. Bxe4 Nxg5 19. fxg5 Rxf1+ 20. Rxf1 Be6 21. Na3 d5 22. Bg2 Ne5 23. Nb5 Rc8 24. Nd4 Bf7 25. Bh3 Re8 26. Bf4 c6 27. Rd1 Bf8 28. Kg2 Bd6 29. Bg3 Re7 30. Nb3 b6 31. Nd4 Be8 32. Nc2 c5 33. Ne3 Bc6 34. d4 cxd4 35. cxd4 Nf7 36. Ng4 Bxg3 37. Kxg3 Nd6 38. Ne5 Ne4+ 39. Kg2 Bxa4 40. Rc1 Nxg5 41. Bc8 Kg7 42. Rc6 Bxc6 0-1

[Event "CFO-ch"]
[Site "Moscow"]
[Date "2013.02.21"]
[Round "6"]
[White "Domogaev, Sergey"]
[Black "Panchenko, Dmitry"]
[Result "0-1"]
[WhiteElo "2510"]
[BlackElo "2364"]
[PlyCount "46"]
[EventDate "2013.02.21"]
[EventType "swiss (rapid)"]
[EventRounds "9"]
[EventCountry "RUS"]
[SourceTitle "CBM 153 Extra"]
[Source "ChessBase"]
[SourceDate "2013.04.22"]
[SourceVersion "1"]
[SourceVersionDate "2013.04.22"]
[SourceQuality "1"]

1. Nf3 Nf6 2. c4 c5 3. g3 b6 4. Bg2 Bb7 5. 0-0 g6 6. Nc3 Bg7 7. Re1 0-0 8. e4 d6 9. d3 Nc6 10. Bg5 h6 11. Bd2 e6 12. a3 Nd7 13. Rb1 Nde5 14. Bf4 Nxf3+ 15. Bxf3 a6 16. Qc1 g5 17. Be3 Ne5 18. Be2 d5 19. exd5 exd5 20. cxd5 Bxd5 21. d4 Nf3+ 22. Bxf3 Bxf3 23. dxc5 Qd7 0-1

[Event "Moscow Govrnor Cup-A rapid"]
[Site "Moscow"]
[Date "2013.02.20"]
[Round "7"]
[White "Belous, Vladimir"]
[Black "Panchenko, Dmitry"]
[Result "0-1"]
[WhiteElo "2553"]
[BlackElo "2364"]
[PlyCount "106"]
[EventDate "2013.02.19"]
[EventType "swiss (rapid)"]
[EventRounds "11"]
[EventCountry "RUS"]
[SourceTitle "CBM 153 Extra"]
[Source "ChessBase"]
[SourceDate "2013.04.22"]
[SourceVersion "1"]
[SourceVersionDate "2013.04.22"]
[SourceQuality "1"]

1. d4 d6 2. Nf3 Bg4 3. e3 e6 4. h3 Bh5 5. c4 c6 6. Nc3 Nf6 7. Bd3 Nbd7 8. 0-0 Be7 9. e4 e5 10. g4 Bg6 11. Re1 0-0 12. Bf1 a6 13. Nh4 Ne8 14. Nf5 Bxf5 15. exf5 b5 16. cxb5 axb5 17. d5 c5 18. Bxb5 h6 19. Be3 Nc7 20. Bc6 Rb8 21. Qd2 Nb6 22. b3 Nc8 23. Ne4 Rb4 24. Qc2 Nb5 25. Bxb5 Rxb5 26. a4 Rb8 27. Rab1 Nb6 28. Red1 Na8 29. Qd2 Rb4 30. Qc2 Nb6 31. Nc3 Bg5 32. Na2 Rd4 33. Nc3 Qa8 34. Bxd4 exd4 35. Nb5 Nxd5 36. Re1 Nf4 37. Qe4 Nxh3+ 38. Kf1 d5 39. Qf3 Nf4 40. Rbc1 Rc8 41. Re5 d3 42. Rce1 Qb8 43. Qe3 c4 44. Re8+ Kh7 45. Rxc8 Qxc8 46. Qe8 Qc5 47. Qe3 Qb4 48. bxc4 dxc4 49. f6 Ng6 50. Qe8 d2 51. Rd1 c3 52. fxg7 Qc4+ 53. Qe2 Qxe2+ 0-1

[Event "Moscow Govrnor Cup-A rapid"]
[Site "Moscow"]
[Date "2013.02.20"]
[Round "11"]
[White "Panchenko, Dmitry"]
[Black "Khruschiov, Alexey"]
[Result "0-1"]
[WhiteElo "2364"]
[BlackElo "2431"]
[PlyCount "192"]
[EventDate "2013.02.19"]
[EventType "swiss (rapid)"]
[EventRounds "11"]
[EventCountry "RUS"]
[SourceTitle "CBM 153 Extra"]
[Source "ChessBase"]
[SourceDate "2013.04.22"]
[SourceVersion "1"]
[SourceVersionDate "2013.04.22"]
[SourceQuality "1"]

1. e4 e5 2. Nf3 Nc6 3. Bc4 Nf6 4. d3 Be7 5. Bb3 0-0 6. Nbd2 d5 7. 0-0 Be6 8. c3 Qd7 9. Ba4 Bd6 10. Re1 Rfe8 11. Nf1 a6 12. Ng3 b5 13. Bc2 dxe4 14. dxe4 Bc5 15. Qxd7 Bxd7 16. h3 h6 17. Nh4 Be6 18. Nhf5 Nd7 19. Be3 Bf8 20. Bb3 Na5 21. Bxe6 fxe6 22. Nh4 Nc4 23. Rad1 Rad8 24. Bc1 Nc5 25. b3 Nb6 26. Nf3 Nd3 27. Re2 Nxc1 28. Rxc1 Bd6 29. Rd1 Kf7 30. Red2 Ke7 31. Kf1 a5 32. Ke2 a4 33. Nf1 Ra8 34. Ne3 axb3 35. axb3 Ra3 36. Rb2 Nd7 37. Nc2 Ra7 38. Nb4 Kf6 39. Nd3 Rea8 40. h4 Ra2 41. Rdb1 R8a3 42. Nd2 c5 43. Rxa2 Rxa2 44. Rb2 Ra3 45. c4 b4 46. g4 Nb8 47. f4 Nc6 48. g5+ hxg5 49. fxg5+ Kg6 50. Nf3 Kh5 51. Kf2 Kg4 52. Ke3 Kh5 53. Kf2 Na5 54. Nc1 Ra1 55. Nd3 Nc6 56. Rd2 Nd4 57. Nxd4 exd4 58. e5 Be7 59. Nf4+ Kg4 60. Nxe6 g6 61. h5 Kxh5 62. Kf3 Bxg5 63. Rh2+ Bh4 64. Nxc5 g5 65. Ke4 g4 66. Nd3 g3 67. Re2 Kg4 68. e6 Bf6 69. Kd5 Kf3 70. e7 Bxe7 71. Rxe7 g2 72. Rf7+ Ke3 73. Rg7 g1Q 74. Rxg1 Rxg1 75. Nxb4 Rg5+ 76. Kd6 Rg6+ 77. Kd5 d3 78. Nxd3 Kxd3 79. c5 Rg5+ 80. Kd6 Rg6+ 81. Kd5 Rg5+ 82. Kd6 Kd4 83. c6 Rg6+ 84. Kd7 Kd5 85. c7 Rg7+ 86. Kd8 Kd6 87. c8N+ Ke6 88. Nb6 Rb7 89. Nc4 Rxb3 90. Na5 Kd6 91. Nc4+ Ke6 92. Na5 Rc3 93. Nb7 Rc1 94. Na5 Kd6 95. Ke8 Rc3 96. Nb7+ Kc7 0-1

[Event "Pushchino op"]
[Site "Pushchino"]
[Date "2012.02.25"]
[Round "4"]
[White "Prizant, Jaroslav"]
[Black "Panchenko, Dmitry"]
[Result "1-0"]
[WhiteElo "2519"]
[BlackElo "2384"]
[PlyCount "77"]
[EventDate "2012.02.24"]
[EventType "swiss"]
[EventRounds "7"]
[EventCountry "RUS"]
[SourceTitle "EXT 2014"]
[Source "ChessBase"]
[SourceDate "2013.11.20"]
[SourceVersion "1"]
[SourceVersionDate "2013.11.20"]
[SourceQuality "1"]

1. d4 d6 2. c4 e5 3. d5 c5 4. Nc3 Nf6 5. e4 Be7 6. h3 0-0 7. Nf3 Ne8 8. g4 Na6 9. Bd3 Nac7 10. Be3 a6 11. a4 b6 12. Rg1 Rb8 13. Rb1 b5 14. axb5 axb5 15. cxb5 Bd7 16. b4 cxb4 17. Rxb4 Nxb5 18. Bxb5 Bxb5 19. Qb3 Qa5 20. Qb2 Nf6 21. Bd2 Qxb4 22. Qxb4 Bd3 23. Qa4 Rfc8 24. Qa7 Bd8 25. Ng5 Bc7 26. Rg3 Bc4 27. Qa4 Bb6 28. h4 Bd4 29. Rf3 Ra8 30. Qd1 Nd7 31. Nxf7 Ra6 32. Ne2 Bc5 33. Ng5 Nf6 34. Nc1 Rca8 35. Ne2 Nxg4 36. Ne6 Bb6 37. Qc2 Ra1+ 38. Nc1 R1a4 39. Qxa4 1-0

[Event "Pushchino op"]
[Site "Pushchino"]
[Date "2012.02.24"]
[Round "2"]
[White "Panchenko, Dmitry"]
[Black "Klyuev, Alexander S"]
[Result "1/2-1/2"]
[WhiteElo "2384"]
[BlackElo "2168"]
[PlyCount "70"]
[EventDate "2012.02.24"]
[EventType "swiss"]
[EventRounds "7"]
[EventCountry "RUS"]
[SourceTitle "EXT 2014"]
[Source "ChessBase"]
[SourceDate "2013.11.20"]
[SourceVersion "1"]
[SourceVersionDate "2013.11.20"]
[SourceQuality "1"]

1. e4 c5 2. Nf3 d6 3. d4 cxd4 4. Nxd4 Nf6 5. Nc3 a6 6. f3 e5 7. Nb3 Be6 8. Be3 Be7 9. Qd2 0-0 10. 0-0-0 Nbd7 11. g4 b5 12. g5 b4 13. gxf6 bxc3 14. Qxc3 Nxf6 15. Na5 Qc7 16. Nc6 Rfc8 17. Nxe7+ Qxe7 18. Qa3 Ne8 19. Bd3 Qb7 20. Kb1 Rc6 21. Qa5 Nf6 22. Rhg1 Nd7 23. f4 Rb8 24. Qa3 exf4 25. Bxf4 Ne5 26. Be2 Rb6 27. Bc1 Qxe4 28. Bd3 Nxd3 29. Rxd3 Bf5 30. Rgd1 h6 31. R1d2 Qe1 32. Rd1 Qe2 33. R1d2 Qe1 34. Rd1 Qe2 35. R1d2 Qe1 1/2-1/2

[Event "Pushkino op"]
[Site "Pushkino"]
[Date "2012.01.14"]
[Round "8"]
[White "Popelyshev, Igor Viktorovich"]
[Black "Panchenko, Dmitry"]
[Result "0-1"]
[WhiteElo "2180"]
[BlackElo "2384"]
[PlyCount "92"]
[EventDate "2012.01.11"]
[EventType "swiss"]
[EventRounds "9"]
[EventCountry "RUS"]
[SourceTitle "EXT 2014"]
[Source "ChessBase"]
[SourceDate "2013.11.20"]
[SourceVersion "1"]
[SourceVersionDate "2013.11.20"]
[SourceQuality "1"]

1. e4 c6 2. d4 d5 3. Nc3 dxe4 4. Nxe4 Bf5 5. Ng3 Bg6 6. Nf3 Nd7 7. h4 h6 8. h5 Bh7 9. Bd3 Bxd3 10. Qxd3 e6 11. Bf4 Bb4+ 12. Bd2 Qa5 13. c3 Be7 14. c4 Qc7 15. 0-0-0 Ngf6 16. Kb1 0-0 17. Ne4 b5 18. c5 Nxe4 19. Qxe4 Nf6 20. Qc2 Qd7 21. Be3 Qd5 22. Ne5 Nd7 23. f4 f5 24. Rd3 Nf6 25. Qb3 Rfc8 26. Qxd5 Nxd5 27. Bd2 Bf6 28. Rhh3 Bxe5 29. dxe5 a5 30. Kc2 a4 31. Rd4 Kh7 32. Rg3 Kg8 33. Rdd3 Kf7 34. Rg6 Rd8 35. Rdg3 Rg8 36. Rd3 Rad8 37. Ba5 Rd7 38. Bd2 b4 39. b3 axb3+ 40. Kxb3 Rb7 41. Rxd5 cxd5 42. Bxb4 Re8 43. Kc3 d4+ 44. Kc4 d3 45. Rg3 Rxb4+ 46. Kxb4 Rd8 0-1